00645nam a2200229Ia 450000500170000000800410001702000150005808200210007324500210009426000430011530000120015865000100017065000250018065000150020565000150022065000190023570000220025470000210027694200060029795200970030399900150040020250219055041.0240331s9999 xx 000 0 und d a0472102206 bHAR21144a305.4 0aWomen and Reason bThe University of Michigan Pressc1992 a294 p., aWomen aFeminist Methodology aPhysiology aPatriarchy aSocial Science aHarvey, E. Deedt aOkruhlik, Keedt cL 001040708LaWERCLbWERCLcSSCd2024-03-31l0o 305.4 WOMp1144r2024-03-31w2024-03-31yL c1738d1738